Where Did These 2025-2026 Players Play Before Joining Chelsea - Statistics

General Stats
  • This quiz has been taken 37 times
  • The average score is 43 of 55
Answer Stats
Player Nationality Position Year Joined Answer % Correct
Robert Sánchez Spain GK 2023 Brighton & Hove Albion
100%
Raheem Sterling England FW 2022 Manchester City
100%
Alejandro Garnacho Argentina FW 2025 Manchester United
100%
Enzo Fernández Argentina MF 2023 Benfica
97%
Marc Cucurella Spain DF 2022 Brighton & Hove Albion
97%
Moisés Caicedo Ecuador MF 2023 Brighton & Hove Albion
97%
João Pedro Brazil FW 2025 Brighton & Hove Albion
97%
Wesley Fofana France DF 2022 Leicester City
97%
Cole Palmer England MF 2023 Manchester City
97%
Mykhailo Mudryk Ukraine FW 2023 Shakhtar Donetsk
97%
Nicolas Jackson Senegal FW 2023 Villarreal
97%
Jamie Gittens England FW 2025 Borussia Dortmund
94%
Pedro Neto Portugal FW 2024 Wolverhampton Wanderers
94%
Trevoh Chalobah England DF 2018 Chelsea(Academy)
90%
Reece James England DF 2018 Chelsea(Academy)
90%
Liam Delap England FW 2025 Ipswich Town
90%
Benoît Badiashile France DF 2023 AS Monaco
87%
Levi Colwill England DF 2021 Chelsea(Academy)
87%
Josh Acheampong England DF 2024 Chelsea(Academy)
87%
Harrison Murray-Campbell England DF 2024 Chelsea(Academy)
87%
Leo Castledine England MF 2024 Chelsea(Academy)
87%
Kiano Dyer England MF 2024 Chelsea(Academy)
87%
Samuel Rak-Sakyi England MF 2024 Chelsea(Academy)
87%
Jimi Tauriainen Finland MF 2021 Chelsea(Academy)
87%
Jimmy-Jay Morgan England FW 2024 Chelsea(Academy)
87%
Ronnie Stutter England FW 2023 Chelsea(Academy)
87%
Tyrique George England FW 2024 Chelsea(Academy)
87%
Shim Mheuka England FW 2024 Chelsea(Academy)
87%
Tosin Adarabioyo England DF 2024 Fulham
87%
Roméo Lavia Belgium MF 2023 Southampton
87%
Jorrel Hato Netherlands DF 2025 Ajax
84%
Axel Disasi France DF 2023 AS Monaco
84%
Marc Guiu Spain FW 2024 Barcelona
84%
Ishé Samuels-Smith England DF 2023 Chelsea(Academy)
84%
Reggie Walsh England MF 2025 Chelsea(Academy)
84%
Ato Ampah England FW 2023 Chelsea(Academy)
84%
Ted Curd England GK 2023 Chelsea(Academy)
81%
Brodi Hughes England DF 2022 Chelsea(Academy)
81%
Facundo Buonanotte (On Loan at Chelsea) Argentina FW 2025 Brighton & Hove Albion
77%
Genesis Antwi Sweden DF 2025 Chelsea(Academy)
77%
Dário Essugo Portugal MF 2025 Sporting Lisbon
74%
Malo Gusto France DF 2023 Lyon
71%
Estêvão Brazil FW 2025 Palmeiras
68%
Filip Jörgensen Denmark GK 2024 Villarreal
68%
Aarón Anselmino Argentina DF 2024 Boca Juniors
58%
Mike Penders Belgium GK 2025 Genk
58%
Mamadou Sarr France DF 2025 Strasbourg
58%
Omari Kellyman England MF 2024 Aston Villa
52%
Kendry Páez Ecuador MF 2025 Independiente del Valle
42%
Deivid Washington Brazil FW 2023 Santos
39%
Gabriel Slonina USA GK 2022 Chicago Fire
32%
Andrey Santos Brazil MF 2023 Vasco da Gama
32%
Caleb Wiley USA DF 2024 Atlanta United
29%
David Datro Fofana Ivory Coast FW 2023 Molde
29%
Teddy Sharman-Lowe England GK 2020 Burton Albion
6%
No matching quizzes found
Score Distribution
Percent of People with Each Score
Percentile by Number Answered
Your Score History
You have not taken this quiz